MESTSKÁ KNIŽNICA GIRALTOVCE  - online katalóg 

Dejiny Slovenského národného povstania 1944. 4. zv (Record no. 19281)

000 -NÁVESTIE
fixed length control field 00817nam a2200253 a 4500
008 - ÚDAJE S PEVNOU DĹŽKOU – VŠEOBECNÉ INFORMÁCIE
fixed length control field 951213s1984||||[C 0 slo c
020 ## - MEDZINÁRODNÉ ŠTANDARDNÉ ČÍSLO KNIHY (ISBN)
Údaje o dostupnosti 75 Kčs.
Qualifying information (10000 výtl.)
040 ## - ZDROJ KATALOGIZÁCIE
Pôvodná katalogizujúca agentúra SNK
Jazyk katalogizácie slo
Prepisujúca agentúra SNK
Konvencie popisu AACR2
041 1# - KÓD JAZYKA
Kód jazyka textu/zvukovej stopy alebo samostatných nápisov slo
Kód jazyka originálu a/alebo sprostredkujúcich prekladov textu slo
080 ## - ČÍSLO MEDZINÁRODNÉHO DESATINNÉHO TRIEDENIA (MDT)
Číslo Medzinárodného desatinného triedenia (MDT) 943.76:323.26"1944/1945
080 ## - ČÍSLO MEDZINÁRODNÉHO DESATINNÉHO TRIEDENIA (MDT)
Číslo Medzinárodného desatinného triedenia (MDT) 323.26"1944/1945
080 ## - ČÍSLO MEDZINÁRODNÉHO DESATINNÉHO TRIEDENIA (MDT)
Číslo Medzinárodného desatinného triedenia (MDT) 323.26"1944/1945"
080 ## - ČÍSLO MEDZINÁRODNÉHO DESATINNÉHO TRIEDENIA (MDT)
Číslo Medzinárodného desatinného triedenia (MDT) 943.76
044 ## - KÓD KRAJINY VYDAVATEĽA/PRODUCENTA
Kód krajiny MARC xo
Kód krajiny ISO SK
245 10 - NÁZOV
Názov Dejiny Slovenského národného povstania 1944. 4. zv
Zvyšok názvu Spomienky a kroniky ; Marta Vartíková, Milan Veselý, Viliam Plevza
250 ## - ÚDAJ O PORADÍ VYDANIA
Údaj o poradí vydania 1., vyd.
260 ## - VYDAVATEĽSKÉ ÚDAJE, DISTRIBÚCIA ATĎ.
Miesto publikovania, distribúcie atď. Bratislava
Názov vydavateľa, distibútora atď. Pravda
Dátum publikovania, distribúcie atď. 1984
Miesto výroby Bratislava
Výrobca Pravda
300 ## - FYZICKÝ POPIS
Rozsah 799 s., 86,22 AH
Rozmery 27 cm
500 ## - VŠEOBECNÁ POZNÁMKA
Formátovaná poznámka o obsahu Rozlož. tit. list. Men. a miest. reg.
700 1# - PRIDANÝ VSTUP – OSOBNÉ MENO
Osobné meno Vartíková, Marta
Kód roly com
700 1# - PRIDANÝ VSTUP – OSOBNÉ MENO
Osobné meno Veselý, Milan
Kód roly bkd
700 1# - PRIDANÝ VSTUP – OSOBNÉ MENO
Osobné meno Plevza, Viliam
Kód roly oth
958 ## - Formálny deskriptor
Formálny deskriptor A
Holdings
Stav stiahnutia (Blokovanie) (Withrawn status) Stav straty Stav poškodenia (Damaged status) Nie pre výpožičky (Not for loan) Spôsob nadobudnutia (Collection code) Trvalé umiestnenie Aktuálne umiestnenie Dátum nadobudnutia Náklady, bežná kúpna cena Inventárne číslo (prírastkové číslo) Full call number Dátum posledného výskytu Cena s účinnosťou od Typ jednotky Koha
        Kúpa Mestská knižnica Giraltovce Mestská knižnica Giraltovce 2019-11-29 75.00 17819 I 1476 2019-11-29 2019-11-29 Odborná literatúra pre dospelých

Powered by Koha